00182nam a22000977a 4500003000400000082000800004100001200012245002300024260002900047300000800076SGT bSHI aSHIVANI aHE DTATREY (HINDI) aDELHI bHIND PUB. c2000 a196